[Event "Treviso op-C 4th"]
[Site "Treviso"]
[Date "2023.03.31"]
[Round "1"]
[White "De Simon, Maurizio"]
[Black "Franchetto, Gabriele"]
[Result "1-0"]
[WhiteElo "1153"]
[BlackElo "999"]
[PlyCount "123"]
[EventDate "2023.03.31"]
[EventType "swiss"]
[EventRounds "5"]
[EventCountry "ITA"]
[SourceTitle "EXT 2024"]
[Source "ChessBase"]
[SourceDate "2023.10.10"]
[SourceVersion "1"]
[SourceVersionDate "2023.10.10"]
[SourceQuality "1"]

1. Nf3 d5 2. d3 Nf6 3. g3 Bg4 4. Bg2 e6 5. c3 Bc5 6. b4 Bb6 7. a4 c6 8. Bb2 Nbd7 9. 0-0 0-0 10. Qc2 g6 11. Nbd2 Qe7 12. c4 Qxb4 13. Ba3 Qa5 14. Bxf8 Rxf8 15. h3 Bxf3 16. Nxf3 Nc5 17. cxd5 cxd5 18. Qb2 Ncd7 19. Ne5 Nxe5 20. Qxe5 Kg7 21. g4 h6 22. g5 hxg5 23. Qxg5 Bd4 24. Rab1 Qa6 25. Rb4 Nh7 26. Qg4 Bc5 27. Rb5 Be7 28. Rfb1 b6 29. e4 Qxa4 30. exd5 Qxg4 31. hxg4 exd5 32. Bxd5 Nf6 33. Bf3 Rd8 34. R1b3 Ne8 35. Rd5 Ra8 36. Rd7 Kf8 37. Bxa8 Nf6 38. Rxa7 Nxg4 39. Rxb6 Bc5 40. Rb8+ Kg7 41. Ra4 Nxf2 42. Kg2 Nxd3 43. Be4 Ne1+ 44. Kh3 Bd6 45. Rb1 f5 46. Rxe1 fxe4 47. Raxe4 Kh6 48. Re6 Bb4 49. Rg1 Kg7 50. Rgxg6+ Kf7 51. Kg4 Be7 52. Kf5 Bf8 53. Ra6 Bc5 54. Rgc6 Be7 55. Ra7 Kf8 56. Ke6 Bd8 57. Rc8 Ke8 58. Raa8 Kf8 59. Rxd8+ Kg7 60. Rd7+ Kg6 61. Rf7 Kg5 62. Rg8+ 1-0

[Event "Treviso U2100 op"]
[Site "Treviso"]
[Date "2005.12.04"]
[Round "3.6"]
[White "De Simon, Maurizio"]
[Black "Rizzardi, Franco"]
[Result "0-1"]
[WhiteElo "1514"]
[BlackElo "1976"]
[PlyCount "56"]
[EventDate "2005.12.03"]
[EventType "swiss"]
[EventRounds "5"]
[EventCountry "ITA"]
[SourceTitle "EXT 2024"]
[Source "ChessBase"]
[SourceDate "2023.10.10"]
[SourceVersion "1"]
[SourceVersionDate "2023.10.10"]
[SourceQuality "1"]

1. Nf3 d5 2. e3 Nf6 3. b3 c6 4. Bb2 Bf5 5. Nd4 Bg6 6. c4 e5 7. Nf3 e4 8. Nh4 Nbd7 9. g3 Bd6 10. Bg2 Ne5 11. Bxe5 Bxe5 12. Nc3 Qa5 13. Rc1 Bh5 14. f3 0-0 15. 0-0 d4 16. exd4 Bxd4+ 17. Kh1 g5 18. Nf5 Qxf5 19. g4 exf3 20. gxf5 fxg2+ 21. Kxg2 Bxd1 22. Rcxd1 Rfe8 23. Rfe1 Rad8 24. Rxe8+ Rxe8 25. Kf3 h5 26. h3 Kg7 27. Ne2 g4+ 28. hxg4 hxg4+ 0-1

[Event "Treviso op-B 27th"]
[Site "Treviso"]
[Date "2003.12.07"]
[Round "3.16"]
[White "Forato, Enrico"]
[Black "De Simon, Maurizio"]
[Result "1-0"]
[WhiteElo "1555"]
[BlackElo "1425"]
[PlyCount "81"]
[EventDate "2003.12.06"]
[EventType "swiss"]
[EventRounds "5"]
[EventCountry "ITA"]
[SourceTitle "EXT 2024"]
[Source "ChessBase"]
[SourceDate "2023.10.10"]
[SourceVersion "1"]
[SourceVersionDate "2023.10.10"]
[SourceQuality "1"]

1. e4 g6 2. d4 Bg7 3. Bc4 Nc6 4. Be3 e6 5. c3 d5 6. Bd3 dxe4 7. Bxe4 Bd7 8. Nf3 Nf6 9. Bd3 0-0 10. 0-0 Nd5 11. Qc1 Nxe3 12. Qxe3 Ne7 13. Na3 Nd5 14. Qd2 Qf6 15. Be4 Bc6 16. Ne5 Qf4 17. Qxf4 Nxf4 18. Nxc6 bxc6 19. Bxc6 Rab8 20. Nc4 Nd3 21. Rab1 e5 22. Be4 Nf4 23. Nxe5 Bxe5 24. dxe5 Rfe8 25. g3 Rxe5 26. Bf3 Nd3 27. b4 a5 28. Rfd1 Rd8 29. bxa5 Rxa5 30. Be4 Rxa2 31. Rxd3 Re8 32. Re3 Ra4 33. Rb4 Ra2 34. Rb7 Rd8 35. Rxc7 Rdd2 36. Rf3 f5 37. Bb7 Rab2 38. c4 Rb1+ 39. Kg2 Rdb2 40. Rd3 Rxb7 41. Rd8# 1-0